Mitos y leyendas y dioses Chibchas
保存先:
| 第一著者: | |
|---|---|
| フォーマット: | 図書 |
| 言語: | Undetermined |
| 出版事項: |
Colombia
Editores Colombia
1991
|
| 版: | 3 edición |
| 主題: | |
| タグ: |
タグ追加
タグなし, このレコードへの初めてのタグを付けませんか!
|
MARC
| LEADER | 00000nam a2200000Ia 4500 | ||
|---|---|---|---|
| 008 | 170316s9999 xx 000 0 und d | ||
| 999 | |c 30784 |d 30784 | ||
| 040 | |a cru BVZT | ||
| 090 | |a 860 A-24.1m | ||
| 100 | |a Arango Cano, Jesús | ||
| 245 | |a Mitos y leyendas y dioses Chibchas | ||
| 250 | |a 3 edición | ||
| 260 | |a Colombia |b Editores Colombia |c 1991 | ||
| 300 | |a 167 páginas | ||
| 650 | |a LITERATURA LATINOAMERICANA |9 15 | ||
| 653 | |a CHIBCHA |a MITOS |a LEYENDA |a DIOSES | ||
| 942 | |c 15 D |h 860 A-24.1m |2 z | ||
